000 00478nam a2200157Ia 4500
008 160316s1998 xxu||||| |||| 00| 0 eng d
082 _a372.000000
_bCOM
100 _a
245 _aImportant government orders and guide lines on back to school programme during April 1997 and 1998
250 _a
260 _aHyderabad
_bCommissioner of Social Welfare
_c1998
300 _a60
_b
_c
365 _b
650 _a1. back to school programme 2. drop out school
700 _a
_a
999 _c34665
_d34665